000 00671nam a2200193Ii 4500
003 JO-AjNU
008 230605s9999||||xx |||||||||||||| ||und||
040 _aJO-AjNU
_bara
_erda
_cJO-AjNU
041 _aara
050 1 4 _aQD151.2.M866 1984
100 3 _aالمنجد، راشد علي / م. مشارك محمد حسن السمان,
_eauthor
_937068
245 0 0 _aتجارب في عملي الكيمياء اللاعضوية 2
264 3 1 _aدمشق:مطبعة الجديدة ، 1984
300 _a214ص
336 _atext
_btxt
_2rdacontent
337 _aunmediated
_bn
_2rdamedia
338 _avolume
_bnc
_2rdacarrier
650 4 _aالكيمياء-تجارب
_937069
999 _aA15456
_c19024
_d19024